000
00262nam a2200109Ia 4500
005
20251222144909.0
008
251222s9999||||xx |||||||||||||| ||spa||
082
_a
291.9/C76
245
0
_a
Un Gusto de Vida Nueva
264
_b
Comunión y Liberación
942
_c
LIB
999
_c
22290
_d
22290